Waluty Azji - Statystyki

Ogólne statystyki
  • Ten quiz został rozwiązany 10 razy
    5 od ostatniego zresetowania
  • Średni wynik to 36 z 48
Statystyki odpowiedzi
Państwo Waluta % Poprawnych
Tajlandia Bat
100%
Bahrajn Dinar bahrajski
100%
Irak Dinar iracki
100%
Kuwejt Dinar kuwejcki
100%
Singapur Dolar singapurski
100%
Wietnam Dong
100%
Japonia Jen japoński
100%
Turcja Lira turecka
100%
ArabiaSaudyjska Rial saudyjski
100%
Rosja Rubel rosyjski
100%
Indie Rupia indyjska
100%
Pakistan Rupia pakistańska
100%
Kirgistan Som
100%
Izrael Szekel izraelski
100%
Korea Północna Won północnokoreański
100%
Korea Południowa Won południowokoreański
100%
Chiny Yuan/Renminbi
100%
Afganistan Afgani
67%
Jordania Dinar jordański
67%
ZjednoczoneEmiraty Arabskie Dirham ZjednoczonychEmiratów Arabskich
67%
Timor Wschodni Dolar amerykański
67%
Brunei Dolar brunejski
67%
Armenia Dram
67%
Liban Funt libański
67%
Laos Kip laotański
67%
Azerbejdżan Manat azerbejdżański
67%
Filipiny Peso filipińskie
67%
Iran Rial irański
67%
Jemen Rial jemeński
67%
Katar Rial katarski
67%
Oman Rial omański
67%
Kambodża Riel kambodżański
67%
Malezja Ringgit
67%
Indonezja Rupia indonezyjska
67%
Sri Lanka Rupia lankijska
67%
Malediwy Rupia malediwska
67%
Nepal Rupia nepalska
67%
Tadżykistan Somoni
67%
Uzbekistan Sum
67%
Bangladesz Taka
67%
Kazachstan Tenge
67%
Mongolia Tugrik
67%
Cypr Euro
33%
Syria Funt syryjski
33%
Mjanma Kiat
33%
Gruzja Lari gruzińskie
33%
Turkmenistan Manat turkmeński
33%
Bhutan Ngultrum
33%
Nie znaleziono quizów pasujących do podanych kryteriów
Rozkład punktacji
Procent ludzi z każdym wynikiem
Percentyl według liczby udzielonych odpowiedzi
Twoja historia wyników
Nie rozwiązałeś tego quizu od ostatniego zresetowania